[Event "ARG-ch U2300"]
[Site "Tacuari"]
[Date "2018.11.19"]
[Round "6"]
[White "Kapitanchuk, Tomas"]
[Black "Olivera, Horacio"]
[Result "1-0"]
[WhiteElo "2289"]
[BlackElo "2114"]
[PlyCount "45"]
[EventDate "2018.11.16"]
[EventType "swiss"]
[EventRounds "7"]
[EventCountry "ARG"]
[SourceTitle "EXT 2020"]
[Source "ChessBase"]
[SourceDate "2019.10.17"]
[SourceVersion "1"]
[SourceVersionDate "2019.10.17"]
[SourceQuality "1"]

1. e4 c6 2. d4 d5 3. e5 c5 4. dxc5 e6 5. Be3 Qc7 6. Nf3 Bxc5 7. Bxc5 Qxc5 8. Nc3 Bd7 9. Bd3 h6 10. Qd2 Ne7 11. h4 Nbc6 12. 0-0-0 a6 13. h5 0-0-0 14. Kb1 Rhf8 15. Rh4 f6 16. exf6 Rxf6 17. Rg4 Rf7 18. Na4 Qa7 19. Qc3 e5 20. Rb4 Rxf3 21. Nb6+ Kb8 22. gxf3 Nxb4 23. Qxe5# 1-0

[Event "ARG-ch Seniors 50/65"]
[Site "Torre Blanca"]
[Date "2018.10.21"]
[Round "5"]
[White "Llanos, Guillermo"]
[Black "Olivera, Horacio"]
[Result "0-1"]
[WhiteElo "2288"]
[BlackElo "2091"]
[PlyCount "112"]
[EventDate "2018.10.19"]
[EventType "swiss"]
[EventRounds "7"]
[EventCountry "ARG"]
[SourceTitle "CBM 187 Extra"]
[Source "ChessBase"]
[SourceDate "2018.11.04"]
[SourceVersion "1"]
[SourceVersionDate "2018.11.04"]
[SourceQuality "1"]

1. b3 c5 2. Bb2 Nc6 3. Nf3 d5 4. e3 a6 5. d4 cxd4 6. exd4 Nf6 7. Nbd2 Bf5 8. a3 e6 9. Be2 h6 10. 0-0 Be7 11. Re1 0-0 12. Nf1 b5 13. Ne3 Bh7 14. c3 Qb6 15. Ra2 Rfd8 16. Bf1 Rab8 17. g3 Bf8 18. Ng2 Na5 19. Ne5 Bd6 20. Nf4 Nc6 21. Ned3 Qc7 22. Bg2 Be4 23. f3 Bh7 24. b4 e5 25. Ne2 exd4 26. cxd4 Bxd3 27. Qxd3 Re8 28. Bc3 Qb6 29. Kf1 a5 30. Rb1 axb4 31. Bxb4 Bxb4 32. axb4 Ra8 33. Rc2 Ra4 34. Qc3 Ne7 35. Bh3 Qa6 36. Kf2 Ra2 37. Rxa2 Qxa2 38. Ra1 Qc4 39. Qd2 Nc6 40. Bf1 Qxb4 41. Qxb4 Nxb4 42. Rb1 Nd3+ 43. Kg2 b4 44. Ng1 Ne1+ 45. Kf2 Nc2 46. Bd3 Nxd4 47. Rxb4 Nc6 48. Rb6 Ne5 49. Bb5 Rd8 50. Ke2 d4 51. f4 d3+ 52. Bxd3 Nxd3 53. Nf3 Nc5 54. Rb5 Re8+ 55. Kf1 Nd3 56. Rb3 Re3 0-1

[Event "ARG-chT"]
[Site "Villa Martelli"]
[Date "2018.08.18"]
[Round "7.3"]
[White "Liguo, Cristian"]
[Black "Olivera, Horacio"]
[Result "1/2-1/2"]
[WhiteElo "1662"]
[BlackElo "2096"]
[PlyCount "85"]
[EventDate "2018.07.07"]
[EventType "team-swiss"]
[EventRounds "9"]
[EventCountry "ARG"]
[SourceTitle "CBM 187 Extra"]
[Source "ChessBase"]
[SourceDate "2018.11.04"]
[SourceVersion "1"]
[SourceVersionDate "2018.11.04"]
[SourceQuality "1"]
[WhiteTeam "Escuela Municipal Moreno"]
[BlackTeam "Torre Blanca"]
[WhiteTeamCountry "ARG"]
[BlackTeamCountry "ARG"]

1. e4 c5 2. Nf3 a6 3. d4 cxd4 4. Nxd4 Nf6 5. Nc3 e5 6. Nb3 Bb4 7. Bd2 d6 8. Bd3 0-0 9. 0-0 Nbd7 10. Re1 Qc7 11. Qe2 Bxc3 12. Bxc3 Nc5 13. Nxc5 dxc5 14. a4 Bg4 15. f3 Be6 16. Bc4 Rfe8 17. Red1 Qe7 18. Ba5 Nd7 19. b3 b6 20. Bc3 a5 21. Rd2 Bxc4 22. Qxc4 Rad8 23. Rad1 Nf8 24. Rd5 Qc7 25. R1d3 Ng6 26. g3 h5 27. Bd2 Kh7 28. Be3 Rxd5 29. Qxd5 Re6 30. Kg2 Rc6 31. Rd2 Nf8 32. f4 c4 33. bxc4 Rxc4 34. Bxb6 Qc8 35. Qxf7 Rxc2 36. Qxh5+ Kg8 37. Qe2 Rxd2 38. Qxd2 exf4 39. Qd5+ Kh8 40. Qh5+ Kg8 41. Qd5+ Kh8 42. Qh5+ Kg8 43. Qd5+ 1/2-1/2

[Event "ARG-chT"]
[Site "Villa Martelli"]
[Date "2017.08.12"]
[Round "2.1"]
[White "Olivera, Horacio"]
[Black "Ferrara, Enzo"]
[Result "1-0"]
[WhiteElo "2090"]
[BlackElo "2152"]
[PlyCount "145"]
[EventDate "2017.08.05"]
[EventType "team-swiss"]
[EventRounds "9"]
[EventCountry "ARG"]
[SourceTitle "CBM 180 Extra"]
[Source "ChessBase"]
[SourceDate "2017.10.06"]
[SourceVersion "1"]
[SourceVersionDate "2017.10.06"]
[SourceQuality "1"]
[WhiteTeam "Torre Blanca"]
[BlackTeam "Tren Verde"]
[WhiteTeamCountry "ARG"]
[BlackTeamCountry "ARG"]

1. c4 e6 2. d4 f5 3. Nf3 Nf6 4. g3 d5 5. Bg2 c6 6. 0-0 Bd6 7. Qc2 0-0 8. Bf4 Qc7 9. Bxd6 Qxd6 10. Nbd2 Nbd7 11. e3 Ne4 12. Rab1 b6 13. b4 Bb7 14. c5 Qe7 15. a4 Rab8 16. Nb3 Rfc8 17. Nfd2 Ba6 18. Rfe1 Qd8 19. f3 Nxd2 20. Qxd2 Bc4 21. cxb6 axb6 22. Qc3 Bxb3 23. Rxb3 Ra8 24. Ra1 Qc7 25. Qb2 Ra7 26. Rc3 Rca8 27. Qc2 c5 28. bxc5 bxc5 29. dxc5 Qc6 30. e4 Rxa4 31. Rxa4 Rxa4 32. exd5 Ra1+ 33. Bf1 Qa6 34. Qf2 exd5 35. Kg2 Qc6 36. Qc2 g6 37. Qb2 Ra5 38. Re3 Rxc5 39. Re8+ Nf8 40. Qe5 Qc7 41. Qd4 Kf7 42. Ra8 Ra5 43. Rxf8+ Kxf8 44. Qh8+ Ke7 45. Qxh7+ Kd8 46. Qg8+ Kd7 47. Qxg6 Qe5 48. Qf7+ Kc6 49. h4 Ra2+ 50. Kh3 Ra1 51. Bg2 f4 52. gxf4 Qd6 53. f5 Re1 54. h5 Re7 55. Qg6 Kc5 56. h6 Qd7 57. Kh4 Rf7 58. Bh3 Qe7+ 59. Kh5 Rf6 60. Qg7 Rf7 61. Qc3+ Kb6 62. Kg6 Rf8 63. h7 Qd6+ 64. f6 d4 65. Qb3+ Ka5 66. Qe6 Qg3+ 67. Bg4 Qb8 68. Qa2+ Kb4 69. Qb2+ Kc5 70. Qxb8 Rxb8 71. Bf5 Kd5 72. Kg7 Ke5 73. f7 1-0

[Event "Buenos Aires Duchamp Boca op 3rd"]
[Site "Buenos Aires"]
[Date "2013.06.26"]
[Round "6"]
[White "Miranda, Rafael"]
[Black "Olivera, Horacio"]
[Result "1-0"]
[WhiteElo "2085"]
[BlackElo "2243"]
[PlyCount "37"]
[EventDate "2013.06.20"]
[EventType "swiss"]
[EventRounds "9"]
[EventCountry "ARG"]
[SourceTitle "CBM 155 Extra"]
[Source "ChessBase"]
[SourceDate "2013.08.26"]
[SourceVersion "1"]
[SourceVersionDate "2013.08.26"]
[SourceQuality "1"]

1. e4 e5 2. Nf3 Nc6 3. Bc4 d6 4. d3 Be7 5. 0-0 Nf6 6. c3 0-0 7. Re1 Na5 8. Bb5 a6 9. Ba4 b5 10. Bc2 c5 11. Nbd2 Re8 12. Nf1 Bf8 13. h3 g6 14. a3 Bg7 15. Ne3 Ra7 16. b4 Nc6 17. Nd5 Nxd5 18. exd5 Ne7 19. Bb3 1-0

[Event "Buenos Aires Duchamp Boca op 3rd"]
[Site "Buenos Aires"]
[Date "2013.06.23"]
[Round "3"]
[White "Olivera, Horacio"]
[Black "Tristan, Leonardo"]
[Result "1/2-1/2"]
[WhiteElo "2243"]
[BlackElo "2450"]
[PlyCount "30"]
[EventDate "2013.06.20"]
[EventType "swiss"]
[EventRounds "9"]
[EventCountry "ARG"]
[SourceTitle "CBM 155 Extra"]
[Source "ChessBase"]
[SourceDate "2013.08.26"]
[SourceVersion "1"]
[SourceVersionDate "2013.08.26"]
[SourceQuality "1"]

1. c4 b6 2. d4 Bb7 3. Nc3 e6 4. Nf3 f5 5. g3 Nf6 6. Bg2 Be7 7. 0-0 Ne4 8. Qc2 Nxc3 9. Qxc3 Bf6 10. b3 0-0 11. Bb2 d6 12. Rad1 Nd7 13. Ne1 Bxg2 14. Nxg2 Qe7 15. Qc2 g6 1/2-1/2

[Event "Buenos Aires Bolivar op 2nd"]
[Site "Buenos Aires"]
[Date "2009.08.27"]
[Round "4"]
[White "Real de Azua, Ernesto"]
[Black "Olivera, Horacio"]
[Result "1-0"]
[WhiteElo "2445"]
[BlackElo "2256"]
[PlyCount "63"]
[EventDate "2009.08.24"]
[EventType "swiss"]
[EventRounds "9"]
[EventCountry "ARG"]
[SourceTitle "CBM 132 Extra"]
[Source "ChessBase"]
[SourceDate "2009.11.03"]
[SourceVersion "1"]
[SourceVersionDate "2009.11.03"]
[SourceQuality "1"]

1. e4 e5 2. Nf3 Nc6 3. d4 exd4 4. Nxd4 Bc5 5. Be3 Bb6 6. Nc3 Nge7 7. Qd2 0-0 8. 0-0-0 d6 9. h4 Ne5 10. f3 N7c6 11. Be2 Nxd4 12. Bxd4 Bxd4 13. Qxd4 Be6 14. f4 Nc6 15. Qd2 f6 16. g4 Kh8 17. g5 Qe7 18. Nd5 Qf7 19. g6 Qd7 20. gxh7 Kxh7 21. Rdg1 f5 22. Bh5 Ne7 23. Qg2 Ng8 24. Rh3 Nh6 25. Rg3 Rg8 26. Bg6+ Kh8 27. Bxf5 Bxf5 28. exf5 Nxf5 29. Rg6 Rgf8 30. Qg5 Qd8 31. Qh5+ Kg8 32. Ne3 1-0

[Event "Torre Blanca op Superior"]
[Site "Buenos Aires"]
[Date "2004.12.06"]
[Round "2"]
[White "Flamhum, Hernan"]
[Black "Olivera, Horacio"]
[Result "0-1"]
[WhiteElo "2124"]
[BlackElo "2257"]
[PlyCount "82"]
[EventDate "2004.12.02"]
[EventType "swiss"]
[EventRounds "9"]
[EventCountry "ARG"]
[SourceTitle "EXT 2006"]
[Source "ChessBase"]
[SourceDate "2005.11.24"]
[SourceVersion "1"]
[SourceVersionDate "2005.11.24"]
[SourceQuality "1"]

1. d4 Nf6 2. c4 e6 3. Nc3 Bb4 4. e3 0-0 5. Bd3 d5 6. cxd5 exd5 7. Nge2 b6 8. 0-0 Bb7 9. a3 Bd6 10. Nb5 Be7 11. Ng3 c5 12. Nf5 a6 13. Nc3 Re8 14. Nxe7+ Qxe7 15. Ne2 Nc6 16. Rb1 c4 17. Bc2 b5 18. b4 Rad8 19. Ng3 Qc7 20. Qf3 Ne7 21. Bd2 Ng6 22. Bc3 Ne4 23. Nxe4 dxe4 24. Qg3 Qe7 25. Qg4 Rd5 26. Qe2 Nh4 27. Rfc1 Rg5 28. g3 Qd7 29. f4 exf3 30. Qf2 Ng2 31. e4 Qg4 32. d5 Nf4 33. Kh1 Nh3 34. Qf1 Rxd5 35. Rd1 Rxd1 36. Rxd1 h5 37. Rd4 Bxe4 38. Be1 f2+ 39. Bxe4 Rxe4 40. Rd8+ Kh7 41. Bxf2 Qf3+ 0-1

[Event "Torre Blanca op"]
[Site "Buenos Aires"]
[Date "2003.12.15"]
[Round "6.1"]
[White "Olivera, Horacio"]
[Black "Mazziotti Irigoyen, Gabriel"]
[Result "1-0"]
[WhiteElo "2260"]
[BlackElo "2162"]
[PlyCount "113"]
[EventDate "2003.12.02"]
[EventType "swiss"]
[EventRounds "9"]
[EventCountry "ARG"]
[SourceTitle "CBM 097 Extra"]
[Source "ChessBase"]
[SourceDate "2004.01.13"]
[SourceVersion "1"]
[SourceVersionDate "2004.01.13"]
[SourceQuality "1"]

1. c4 e6 2. d4 d5 3. Nf3 c6 4. e3 Nf6 5. Bd3 Nbd7 6. Nbd2 Bd6 7. e4 dxe4 8. Nxe4 Nxe4 9. Bxe4 e5 10. 0-0 exd4 11. Qxd4 Qf6 12. Bg5 Qxd4 13. Nxd4 Nc5 14. Bf5 f6 15. Be3 Kf7 16. Rad1 Rd8 17. Bc2 Bf8 18. h4 g6 19. h5 Ne6 20. hxg6+ hxg6 21. Nb3 b6 22. Rxd8 Nxd8 23. c5 b5 24. Rd1 Be6 25. Na5 Be7 26. Bf4 Rc8 27. Bd6 Bd5 28. Bxe7 Kxe7 29. Bxg6 Ne6 30. Re1 Rg8 31. Be4 Bxe4 32. Rxe4 Kd7 33. b4 f5 34. Rh4 Rg7 35. Rh6 Nf4 36. Rd6+ Kc7 37. Rxc6+ Kb8 38. g3 Nd5 39. a3 f4 40. Kg2 fxg3 41. fxg3 Ne3+ 42. Kf3 Nf5 43. Rf6 Nxg3 44. Rf8+ Kc7 45. Ra8 Rg6 46. Rxa7+ Kb8 47. Rb7+ Ka8 48. Rxb5 Nf5 49. Ke4 Ng3+ 50. Ke5 Rg5+ 51. Ke6 Ne2 52. Nc6 Rg6+ 53. Kd7 Rg7+ 54. Kc8 Rg8+ 55. Nd8 Rg7 56. Rb8+ Ka7 57. Nc6+ 1-0

[Event "Torre Blanca op"]
[Site "Buenos Aires"]
[Date "2003.12.02"]
[Round "1.5"]
[White "Olivera, Horacio"]
[Black "Koch, Juan Enrique"]
[Result "1-0"]
[WhiteElo "2260"]
[BlackElo "2040"]
[PlyCount "99"]
[EventDate "2003.12.02"]
[EventType "swiss"]
[EventRounds "9"]
[EventCountry "ARG"]
[SourceTitle "CBM 097 Extra"]
[Source "ChessBase"]
[SourceDate "2004.01.13"]
[SourceVersion "1"]
[SourceVersionDate "2004.01.13"]
[SourceQuality "1"]

1. c4 c5 2. Nf3 Nc6 3. Nc3 g6 4. e3 Bg7 5. d4 b6 6. Be2 cxd4 7. exd4 d6 8. 0-0 Nf6 9. d5 Nb8 10. Nd4 Bb7 11. Bg5 0-0 12. Qd2 a6 13. a4 Qc7 14. Rfe1 Nbd7 15. h3 Rae8 16. Bf1 Ne5 17. b3 Qc5 18. Be3 Qc7 19. f4 Ned7 20. f5 Ne5 21. Bd3 Bc8 22. Bc2 Bd7 23. Kh1 Rc8 24. Rac1 Qb7 25. Bh6 Rfd8 26. Bxg7 Kxg7 27. Re2 Re8 28. Rf1 Rc5 29. Ne4 Nxe4 30. Rxe4 f6 31. fxg6 hxg6 32. Rh4 Rg8 33. Qh6+ Kf7 34. Nf3 Nxf3 35. Rxf3 Qc8 36. Re3 Qf8 37. Qxf8+ Kxf8 38. Rh7 Be8 39. Rexe7 b5 40. axb5 axb5 41. Bd3 bxc4 42. Bxc4 g5 43. Ra7 Rc8 44. Ra6 g4 45. Rxd6 Rg6 46. hxg4 Kg8 47. Re7 Bf7 48. Rdd7 Be8 49. Ra7 Rxg4 50. d6+ 1-0

[Event "Chesspangenberg op 1st"]
[Site "Buenos Aires"]
[Date "2003.11.05"]
[Round "2"]
[White "Villanueva, Mario Nicolas"]
[Black "Olivera, Horacio"]
[Result "1/2-1/2"]
[WhiteElo "2029"]
[BlackElo "2260"]
[PlyCount "63"]
[EventDate "2003.11.04"]
[EventType "swiss"]
[EventRounds "9"]
[EventCountry "ARG"]
[SourceTitle "EXT 2004"]
[Source "ChessBase"]
[SourceDate "2003.11.25"]
[SourceVersion "1"]
[SourceVersionDate "2003.11.25"]
[SourceQuality "1"]

1. e4 c6 2. d4 d5 3. Nd2 dxe4 4. Nxe4 Bf5 5. Ng3 Bg6 6. h4 h6 7. Nf3 Nd7 8. h5 Bh7 9. Bd3 Bxd3 10. Qxd3 Qc7 11. Bd2 Ngf6 12. 0-0-0 e6 13. Qe2 0-0-0 14. Ne5 Nxe5 15. dxe5 Nd5 16. f4 c5 17. c4 Nb4 18. Bxb4 cxb4 19. Rxd8+ Qxd8 20. Rd1 Qc7 21. Ne4 Be7 22. Nd6+ Kb8 23. Kb1 Rd8 24. Nxf7 Rxd1+ 25. Qxd1 Qxc4 26. g3 a6 27. Qf3 Qc8 28. Qd1 Qc6 29. Nd8 Qe4+ 30. Ka1 Qc4 31. Kb1 Qe4+ 32. Ka1 1/2-1/2